luck testerπŸ€ - Statistics

General Stats
  • This quiz has been taken 1,538 times
  • The average score is 7 of 27
Answers on the Grid
Answers color-coded by a green-red scale on the quiz's grid according to % correct below.
πŸ€
πŸ€
πŸ€
πŸ€
πŸ€
πŸ€
πŸ€
πŸ€
πŸ€
πŸ€
πŸ€
πŸ€
πŸ€
πŸ€
πŸ€
πŸ€
πŸ€
πŸ€
πŸ€
πŸ€
πŸ€
πŸ€
πŸ€
πŸ€
πŸ€
πŸ€
πŸ€
πŸ€
πŸ€
πŸ€
 
Answer Stats
Answer % Correct
πŸ€
32%
πŸ€
32%
πŸ€
31%
πŸ€
30%
πŸ€
30%
πŸ€
30%
πŸ€
29%
πŸ€
29%
πŸ€
29%
πŸ€
29%
πŸ€
28%
πŸ€
28%
πŸ€
27%
πŸ€
27%
πŸ€
27%
πŸ€
27%
πŸ€
27%
πŸ€
26%
πŸ€
26%
πŸ€
25%
πŸ€
25%
πŸ€
25%
πŸ€
25%
πŸ€
23%
πŸ€
23%
πŸ€
23%
πŸ€
22%
No matching quizzes found
Score Distribution
Percent of People with Each Score
Percentile by Number Answered
Your Score History
You have not taken this quiz